000 01235nam a2200301 4500
001 0000023963
003 CO-CtgCURN
005 20251015220515.0
008 160627s2013 000 0 eng d
020 _a9789587614206
040 _aCO-CtgCURN
_bspa
_ccoctgcurn
082 0 _a307.24
_bR934
100 1 _aRuiz Ruiz, Nubia Yaneth.
245 1 3 _aEl desplazamiento forzado en Colombia :
_bpoblacion, territorio y violencia /
_cNubia Yaneth Ruiz Ruiz.
260 _aBogotá :
_bUniversidad Nacional de Colombia,
_c2013.
300 _a348 p.
336 _2rdacontent
337 _2rdamedia
_asin mediacion
_bn
338 _2rdacarrier
_avolumen
_bnc
490 1 _aDirección de Investigaciones sede Bogotá
500 _aIncluye indices y anexos.
504 _aIncluye bibliografia p. (295-301)
505 8 _aMarco conceptual, metodologico y de contexto -- Caracteristicas demograficas de la poblacion desplazada -- Pautas de distribucion territorial de la poblacion desplazada -- Variables del desplazamiento forzado -- Conclusiones
650 0 _aDesplazamiento forzado
_zColombia.
908 _a160627
942 _cBK
_h307.24
_iR934
_2ddc
999 _c50179
_d50179
_x1